000 01073nam a22003017a 4500
005 20240530110910.0
008 220214s2007 ua g 000 0 ara d
017 _bمصر. دار الكتب
020 _a9960542068
040 _aEG-CaGPL
_cEG-CaGPL
082 0 4 _221
_a291 /
_bس ا
100 0 _aسامى عبد الله المغلوث
245 1 0 _aاطلس الاديان /
_cسامى عبد الله المغلوث
250 _aط. 1
260 _aالرياض :
_bمكتبة العبيكان
_c2007
300 _a751 ص. ؛
_c24 سم
650 0 7 _2qrmak
_aالاديان السماوية
650 0 7 _2qrmak
_aالاديان
650 0 7 _2qrmak
_aالاديان الوضعية
650 0 7 _2qrmak
_aالديانة الفرعونية
650 0 7 _2qrmak
_aالديانة الرومانية
651 _2qrmak
_aافريقيا
651 _2qrmak
_aالولايات المتحدة الامريكية
651 _2qrmak
_aاستراليا
651 _2qrmak
_aاوروبا
942 _2ddc
_cBK
999 _c66296
_d66296